书目信息 |
| 题名: |
概率论
|
|
| 作者: | 刘金山 , 吴坚 主编 | |
| 分册: | ||
| 出版信息: | 北京 中国农业出版社 2008.12 |
|
| 页数: | 196页 | |
| 开本: | 23cm | |
| 丛书名: | ||
| 单 册: | ||
| 中图分类: | O211 | |
| 科图分类: | ||
| 主题词: | 概率论--高等学校--教材 , 概率论 | |
| 电子资源: | ||
| ISBN: | 978-7-109-13077-7 | |
| 000 | 00887nam0 22002771 450 | |
| 001 | 004041133 | |
| 005 | 20111230174705.00 | |
| 010 | @a978-7-109-13077-7@dCNY19.50 | |
| 096 | @aO211@bwj | |
| 100 | @a20090114d2008 em y0chiy50 ea | |
| 101 | 0 | @achi |
| 102 | @aCN@b110000 | |
| 105 | @ay z 000yy | |
| 200 | 1 | @a概率论@9gai lv lun@f吴坚,刘金山主编 |
| 205 | @a第2版 | |
| 210 | @a北京@c中国农业出版社@d2008.12 | |
| 215 | @a196页@d23cm | |
| 300 | @a全国高等农林院校“十一五”规划教材 | |
| 330 | @a本书共分六章,内容包括:随机事件与概率、条件概率与独立性、一维随机变量及其分布、多维随机变量及其分布、随机变量的数字特征、大数定律和中心极限定理。 | |
| 606 | 0 | @a概率论@x高等学校@j教材 |
| 606 | 0 | @a概率论 |
| 690 | @aO211@v4 | |
| 701 | 0 | @a刘金山@9liu jin shan@c(数学)@4主编 |
| 701 | 0 | @a吴坚@9wu jian@f(1956.8~)@4主编 |
| 801 | 0 | @c20111230 |
| 905 | @aZUCC@dO211@eW805=2@f2 | |
| 概率论/吴坚,刘金山主编.-第2版.-北京:中国农业出版社,2008.12 |
| 196页;23cm |
| 全国高等农林院校“十一五”规划教材 |
| ISBN 978-7-109-13077-7:CNY19.50 |
| 本书共分六章,内容包括:随机事件与概率、条件概率与独立性、一维随机变量及其分布、多维随机变量及其分布、随机变量的数字特征、大数定律和中心极限定理。 |
| ● |
| 相关链接 |
|
|
|
正题名:概率论
索取号:O211/W805=2
 
预约/预借
| 序号 | 登录号 | 条形码 | 馆藏地/架位号 | 状态 | 备注 |
| 1 | 1191824 | 211918246 | 自科库401/401自科库 47排5列2层/ [索取号:O211/W805=2] | 在馆 | |
| 2 | 1191825 | 211918255 | 自科库401/401自科库 47排5列2层/ [索取号:O211/W805=2] | 在馆 |